Handbook of finance / (Record no. 20736)
[ view plain ]
| 000 -LEADER | |
|---|---|
| fixed length control field | 01021cam a22002775a 4500 |
| 001 - CONTROL NUMBER | |
| control field | 6989078 |
| 005 - DATE AND TIME OF LATEST TRANSACTION | |
| control field | 20150914110520.0 |
| 008 - FIXED-LENGTH DATA ELEMENTS--GENERAL INFORMATION | |
| fixed length control field | 080502t2008 njua frbf 001 0 eng d |
| 020 ## - INTERNATIONAL STANDARD BOOK NUMBER | |
| International Standard Book Number | 9780470042564 (3 v. set) |
| 020 ## - INTERNATIONAL STANDARD BOOK NUMBER | |
| International Standard Book Number | 9780470078143 (v. 1) |
| 020 ## - INTERNATIONAL STANDARD BOOK NUMBER | |
| International Standard Book Number | 9780470078150 (v. 2) |
| 020 ## - INTERNATIONAL STANDARD BOOK NUMBER | |
| International Standard Book Number | 9780470078167 (v. 3) |
| 040 ## - CATALOGING SOURCE | |
| Original cataloging agency | DLC |
| Language of cataloging | eng |
| Transcribing agency | DLC |
| Modifying agency | EG-ScBUE |
| 082 04 - DEWEY DECIMAL CLASSIFICATION NUMBER | |
| Classification number | 332 |
| Item number | HAN |
| Edition number | 22 |
| 245 00 - TITLE STATEMENT | |
| Title | Handbook of finance / |
| Statement of responsibility, etc | editor Frank J. Fabozzi. |
| 260 ## - PUBLICATION, DISTRIBUTION, ETC. (IMPRINT) | |
| Place of publication, distribution, etc | Hoboken : |
| Name of publisher, distributor, etc | John Wiley & Sons, Inc., |
| Date of publication, distribution, etc | c.2008. |
| 300 ## - PHYSICAL DESCRIPTION | |
| Extent | 3 v. : |
| Other physical details | ill. ; |
| Dimensions | 29 cm. |
| 504 ## - BIBLIOGRAPHY, ETC. NOTE | |
| Bibliography, etc | Includes bibliographical references and indexes. |
| 505 0# - FORMATTED CONTENTS NOTE | |
| Formatted contents note | v. 1. Financial markets and instruments -- v. 2. Investment management and financial management -- v. 3. Valuation, financial modeling, and quantitative tools. |
| 650 #0 - SUBJECT ADDED ENTRY--TOPICAL TERM | |
| Topical term or geographic name as entry element | Finance |
| Form subdivision | Handbooks, manuals, etc. |
| Source of heading or term | BUEsh |
| 9 (RLIN) | 36830 |
| 651 ## - SUBJECT ADDED ENTRY--GEOGRAPHIC NAME | |
| Source of heading or term | BUEsh |
| 653 ## - INDEX TERM--UNCONTROLLED | |
| Resource For college | BAEPS, Economics |
| Arrived date list | August2015 |
| 655 ## - INDEX TERM--GENRE/FORM | |
| Form subdivision | |
| -- | 34232 |
| 700 1# - ADDED ENTRY--PERSONAL NAME | |
| Personal name | Fabozzi, Frank J., |
| Relator term | editor. |
| 9 (RLIN) | 38295 |
| 942 ## - ADDED ENTRY ELEMENTS (KOHA) | |
| Source of classification or shelving scheme | Dewey Decimal Classification |
| Call number prefix | 332 HAN |
| Withdrawn status | Lost status | Source of classification or shelving scheme | Damaged status | Not for loan | Koha collection | Home library | Current library | Shelving location | Date acquired | Source of acquisition | Cost, normal purchase price | Serial Enumeration / chronology | Total Checkouts | Full call number | Barcode | Date last seen | Cost, replacement price | Koha item type | Public note |
|---|---|---|---|---|---|---|---|---|---|---|---|---|---|---|---|---|---|---|---|
| Dewey Decimal Classification | Baccah | Central Library | Central Library | Ground Floor | 30/08/2015 | 2114.00 | 23317 | 332 HAN | 000030696 | 15/07/2025 | 2642.00 | Reference (NB) | VOL. 2. | ||||||
| Dewey Decimal Classification | Baccah | Central Library | Central Library | Ground Floor | 30/08/2015 | 2117.00 | 23317 | 332 HAN | 000030727 | 15/07/2025 | 2647.00 | Reference (NB) | VOL. 1. | ||||||
| Dewey Decimal Classification | Baccah | Central Library | Central Library | Ground Floor | 30/08/2015 | 2022.00 | 23317 | 332 HAN | 000030695 | 15/07/2025 | 2527.00 | Reference (NB) | VOL. 3. |